[Event "chess.com SpeedChess Q1Sw"]
[Site "chess.com INT"]
[Date "2022.11.10"]
[Round "10"]
[White "Samaganova, Aleksandra"]
[Black "Viana Da Costa, Fernando"]
[Result "0-1"]
[WhiteTitle "WFM"]
[BlackTitle "FM"]
[WhiteElo "1884"]
[BlackElo "2241"]
[WhiteFideId "13800221"]
[BlackFideId "2111900"]
[EventDate "2022.11.10"]

1. c4 Nf6 2. Nc3 e5 3. Nf3 Nc6 4. a3 d5 5. cxd5 Nxd5 6. Qc2 Be7 7. e3 O-O 8. b4
a6 9. Bb2 Be6 10. Be2 f5 11. d3 Bf6 12. O-O Nb6 13. Rfd1 Qe7 14. b5 axb5 15.
Nxb5 Rfd8 16. d4 e4 17. Ne5 Bd5 18. Bc4 Nxc4 19. Nxc4 Qf7 20. Nd2 Rd7 21. Nc3
Ne7 22. Nxd5 Nxd5 23. Qb3 c6 24. Nc4 Qe6 25. Nb6 Rad8 26. Nxd7 Rxd7 27. a4 g5
28. a5 f4 29. exf4 gxf4 30. Qh3 Qe8 31. Re1 e3 32. a6 bxa6 33. Rxa6 Rg7 34. Bc1
Bxd4 35. f3 e2+ 36. Kh1 Bf2 37. Bd2 Bxe1 38. Bxe1 Rb7 39. Ra1 Rg7 40. Rc1 h5 41.
Qh4 Kh7 42. Qf2 Qg6 43. Rc5 Re7 44. Rc1 Qd3 0-1

[Event "chess.com SpeedChess Q1Sw"]
[Site "chess.com INT"]
[Date "2022.11.10"]
[Round "10"]
[White "Kovalev, Vladislav"]
[Black "Sevian, Samuel"]
[Result "1-0"]
[WhiteTitle "GM"]
[BlackTitle "GM"]
[WhiteElo "2623"]
[BlackElo "2687"]
[WhiteFideId "13504398"]
[BlackFideId "2040506"]
[EventDate "2022.11.10"]

1. e4 c5 2. Ne2 e6 3. g3 d5 4. Bg2 dxe4 5. Nbc3 f5 6. O-O Nf6 7. d3 exd3 8. cxd3
Nc6 9. Re1 Bd6 10. d4 O-O 11. d5 exd5 12. Nxd5 Be6 13. Nxf6+ gxf6 14. Nf4 Bf7
15. Bxc6 bxc6 16. Ne6 Bxe6 17. Rxe6 Be5 18. Bh6 Rf7 19. Qxd8+ Rxd8 20. Rc1 Rc7
21. Rxc5 Kf7 22. Rexc6 Rxc6 23. Rxc6 Bxb2 24. Be3 Kg6 25. Ra6 Bd4 26. Bxd4 Rxd4
27. Rxa7 f4 28. Kg2 h5 29. Ra3 fxg3 30. hxg3 Rd2 31. Ra4 Kg5 32. Kf3 Rb2 33. Ke3
f5 34. Kf3 Rc2 35. Ra8 Rb2 36. a4 Rb3+ 37. Kg2 Ra3 38. a5 Kg6 39. a6 Kg7 40. a7
Kh7 41. Kh3 f4 42. f3 fxg3 43. Kxg3 Ra5 44. f4 Kg7 45. f5 1-0

[Event "chess.com SpeedChess Q1Sw"]
[Site "chess.com INT"]
[Date "2022.11.10"]
[Round "10"]
[White "Aditya, Mittal"]
[Black "Mamedyarov, Shakhriyar"]
[Result "1-0"]
[WhiteTitle "IM"]
[BlackTitle "GM"]
[WhiteElo "2486"]
[BlackElo "2741"]
[WhiteFideId "35042025"]
[BlackFideId "13401319"]
[EventDate "2022.11.10"]

1. d4 d5 2. c4 c5 3. cxd5 Qxd5 4. Nf3 cxd4 5. Nc3 Qa5 6. Nxd4 Nf6 7. Bd2 Qd8 8.
Bf4 a6 9. e3 Nbd7 10. Bg3 g6 11. Bc4 Nb6 12. Bb3 Bg7 13. O-O O-O 14. Rc1 Bg4 15.
f3 Bd7 16. e4 Rc8 17. Nce2 Nh5 18. Bf2 e5 19. Rxc8 Nxc8 20. Nc2 Bb5 21. Qxd8
Rxd8 22. Re1 Nf4 23. Nxf4 exf4 24. Bd5 Ne7 25. Bh4 Rc8 26. Bxe7 Rxc2 27. e5 Rxb2
28. Bf6 Bd3 29. h4 b5 30. Kh2 Rb1 31. Rxb1 Bxb1 32. a3 Bf8 33. e6 Bxa3 34. e7
Bxe7 35. Bxe7 a5 36. Bc6 b4 37. Ba4 Ba2 38. Bd8 b3 39. Bf6 h6 40. Kg1 g5 41. h5 1-0

[Event "chess.com SpeedChess Q1Sw"]
[Site "chess.com INT"]
[Date "2022.11.10"]
[Round "10"]
[White "Sarana, Alexey"]
[Black "Martinez Alcantara, Jose Eduardo"]
[Result "0-1"]
[WhiteTitle "GM"]
[BlackTitle "GM"]
[WhiteElo "2668"]
[BlackElo "2597"]
[WhiteFideId "24133795"]
[BlackFideId "3805662"]
[EventDate "2022.11.10"]

1. c4 c5 2. Nf3 Nc6 3. d4 cxd4 4. Nxd4 g6 5. e4 Bg7 6. Be3 Nf6 7. Nc3 O-O 8. Be2
d6 9. O-O Bd7 10. Qd2 Nxd4 11. Bxd4 Bc6 12. Bd3 a5 13. b3 Nd7 14. Bxg7 Kxg7 15.
Rfe1 Nc5 16. Bc2 f6 17. Rad1 Qb6 18. Re3 Rfe8 19. Nd5 Qd8 20. Rh3 h5 21. f4 e6
22. Nc3 f5 23. Qd4+ Qf6 24. e5 dxe5 25. Qxc5 exf4 26. Qf2 Qg5 27. Re1 e5 28. Nd5
Rad8 29. Rd3 h4 30. Qd2 Kh6 31. Rh3 a4 32. bxa4 Bxd5 33. cxd5 Qf6 34. g3 g5 35.
gxh4 g4 36. Rb3 Re7 37. a5 Rd6 38. Kh1 Kh5 39. Bd1 Qxh4 40. Rb6 Rxd5 41. Qb4 Rd4
42. Qc3 Rc7 43. Bxg4+ Kg5 44. Qa1 Qf2 45. Rg1 fxg4 46. Rg2 Qf3 47. Qe1 Rd1 0-1

[Event "chess.com SpeedChess Q1Sw"]
[Site "chess.com INT"]
[Date "2022.11.10"]
[Round "10"]
[White "Durarbayli, Vasif"]
[Black "Gabrielian, Artur"]
[Result "1-0"]
[WhiteTitle "GM"]
[BlackTitle "GM"]
[WhiteElo "2612"]
[BlackElo "2460"]
[WhiteFideId "13402935"]
[BlackFideId "4131002"]
[EventDate "2022.11.10"]

1. e4 c5 2. Nf3 d6 3. d4 cxd4 4. Nxd4 Nf6 5. Nc3 Nc6 6. Bg5 e6 7. Qd2 a6 8.
O-O-O Bd7 9. Kb1 Be7 10. f3 O-O 11. h4 b5 12. Nxc6 Bxc6 13. Ne2 Qc7 14. Nd4 Bd7
15. g4 b4 16. h5 h6 17. Be3 Nh7 18. Rg1 a5 19. f4 e5 20. Nf5 Bxf5 21. gxf5 Kh8
22. Rc1 Bf6 23. c4 bxc3 24. Rxc3 Qb7 25. Rb3 Qxe4+ 26. Bd3 Qd5 27. fxe5 Qxe5 28.
Bf4 Qd4 29. Be3 Qe5 30. Bf4 Qd5 31. Rb5 Qd4 32. Be3 Qh4 33. Be2 Rfe8 34. Bf3
Rab8 35. Rxb8 Rxb8 36. b3 a4 37. Qxd6 Re8 38. Bc6 Rd8 39. Qf4 Qxh5 40. Bf3 Qh3
41. Rh1 1-0

[Event "chess.com SpeedChess Q1Sw"]
[Site "chess.com INT"]
[Date "2022.11.10"]
[Round "10"]
[White "Mikhailov, Viacheslav"]
[Black "Garv, Gaur"]
[Result "0-1"]
[WhiteTitle "IM"]
[BlackTitle "CM"]
[WhiteElo "2428"]
[BlackElo "1973"]
[WhiteFideId "4187369"]
[BlackFideId "45030839"]
[EventDate "2022.11.10"]

1. Nf3 d5 2. g3 Nf6 3. Bg2 c6 4. O-O Bg4 5. c4 e6 6. d4 Nbd7 7. Nc3 Be7 8. Qb3
Qb6 9. c5 Qa6 10. Re1 O-O 11. Bf1 b6 12. Ne5 Nxe5 13. dxe5 Nd7 14. e4 Qb7 15.
exd5 cxd5 16. cxb6 Qxb6 17. Be3 Qxb3 18. axb3 a5 19. h3 Bf5 20. f4 Bb4 21. Rec1
Nc5 22. g4 Bd3 23. Nxd5 Nxb3 24. Bxd3 exd5 25. Bb5 Nxa1 26. Rxa1 Rfc8 27. f5 Bc5
28. Kf2 Bxe3+ 29. Kxe3 Rab8 30. Bd7 Rc4 31. e6 Rb3+ 32. Kd2 Rxb2+ 33. Kd3 Rb3+
34. Kd2 Rb2+ 35. Kd3 fxe6 36. fxe6 Kf8 37. Rxa5 Rb3+ 38. Kd2 Rcb4 39. Rxd5 Rb2+
40. Kc3 R4b3+ 41. Kc4 Rxh3 42. Rf5+ Ke7 43. Rf7+ Kd6 44. Rxg7 Rc2+ 45. Kb4 Re2
46. Rg8 Re4+ 47. Ka5 Ra3+ 48. Kb5 Rb3+ 49. Ka5 Re1 50. Rg7 Ra1+ 51. Ba4 Rba3 52.
Rd7+ Kxe6 53. Rd4 Ke5 54. Rb4 Rxa4+ 55. Rxa4 Rxa4+ 56. Kxa4 Kf4 57. Kb3 Kxg4 58.
Kc2 Kg3 59. Kd2 h5 60. Ke1 Kg2 61. Ke2 h4 0-1

[Event "chess.com SpeedChess Q1Sw"]
[Site "chess.com INT"]
[Date "2022.11.10"]
[Round "10"]
[White "Bartel, Mateusz"]
[Black "Kamsky, Gata"]
[Result "1/2-1/2"]
[WhiteTitle "GM"]
[BlackTitle "GM"]
[WhiteElo "2627"]
[BlackElo "2666"]
[WhiteFideId "1112635"]
[BlackFideId "2000024"]
[EventDate "2022.11.10"]

1. e4 c6 2. d4 d5 3. e5 Bf5 4. Nf3 e6 5. Be2 Nd7 6. a4 Bb4+ 7. c3 Ba5 8. Na3 Bc7
9. Nc2 h6 10. Ne3 Be4 11. Bd3 Bxd3 12. Qxd3 Ne7 13. b4 O-O 14. O-O f6 15. Ng4
Nf5 16. exf6 Nxf6 17. h3 Nxg4 18. hxg4 Nh4 19. Ne5 Bxe5 20. dxe5 Qe8 21. f4 Ng6
22. Be3 Qf7 23. a5 Ne7 24. g3 h5 25. gxh5 Qxh5 26. Bc5 Rf7 27. Ra2 Nf5 28. Rh2
Qg4 29. Kg2 Rd7 30. Rfh1 Kf7 31. Qf3 Qxf3+ 32. Kxf3 b6 33. Bf2 bxa5 34. bxa5 Rb8
35. g4 Nh6 36. Rxh6 gxh6 37. Rxh6 Rb3 38. f5 Rxc3+ 39. Kf4 Re7 40. Bh4 Rc4+ 41.
Kf3 Re8 42. Bf6 exf5 43. gxf5 Re4 44. e6+ R8xe6 45. fxe6+ Rxe6 46. Bg5 Rxh6 47.
Bxh6 a6 48. Ke3 Ke6 49. Kd4 Kd7 50. Bf4 Kc8 51. Kc5 Kb7 52. Be5 d4 53. Bxd4 Ka7
54. Be3 Kb7 55. Kd6 Ka8 56. Bc5 Kb7 57. Kd7 Kb8 58. Bd4 c5 59. Bxc5 Kb7 60. Kd6
Kb8 61. Kc6 Ka8 62. Kc7 1/2-1/2

[Event "chess.com SpeedChess Q1Sw"]
[Site "chess.com INT"]
[Date "2022.11.10"]
[Round "10"]
[White "Paravyan, David"]
[Black "Bluebaum, Matthias"]
[Result "1-0"]
[WhiteTitle "GM"]
[BlackTitle "GM"]
[WhiteElo "2586"]
[BlackElo "2651"]
[WhiteFideId "4194985"]
[BlackFideId "24651516"]
[EventDate "2022.11.10"]

1. e4 e6 2. d4 d5 3. Nc3 Nf6 4. Bg5 dxe4 5. Nxe4 Be7 6. Nxf6+ Bxf6 7. Bxf6 Qxf6
8. c3 O-O 9. Qf3 Qxf3 10. Nxf3 b6 11. g3 Bb7 12. Bg2 Nd7 13. Nh4 Bxg2 14. Nxg2
c5 15. O-O-O cxd4 16. Rxd4 Nf6 17. Rhd1 Rfc8 18. Ne3 Kf8 19. g4 g5 20. f4 h6 21.
h4 gxh4 22. g5 hxg5 23. fxg5 Nh7 24. g6 fxg6 25. Rd7 Kg8 26. Ng4 Kh8 27. Ne5 Nf8
28. Rb7 Rc5 29. Nf7+ Kg7 30. Rh1 Rh5 31. Ng5+ Kf6 32. Ne4+ Ke5 33. Re1 Rh8 34.
Rf7 h3 35. Nf2+ Kd6 36. Rd1+ Kc6 37. Rh1 h2 38. Ng4 Nd7 39. Rg7 Rag8 40. Rxg8
Rxg8 41. Rxh2 Kd6 42. Kd2 Rf8 43. Ke3 Nf6 44. Rd2+ Ke7 45. Ne5 Nd5+ 46. Rxd5 Rc8
47. Rd7+ Kf6 48. Kd4 Rh8 49. Rf7+ Kg5 50. Rxa7 Kf6 51. Rf7+ Kg5 52. Rf1 Rd8+ 53.
Ke4 Kh5 54. Rh1+ Kg5 55. Nf7+ 1-0

[Event "chess.com SpeedChess Q1Sw"]
[Site "chess.com INT"]
[Date "2022.11.10"]
[Round "10"]
[White "Samadov, Read"]
[Black "Balaji, Aaravamudhan"]
[Result "1-0"]
[WhiteTitle "FM"]
[BlackTitle "CM"]
[WhiteElo "2450"]
[BlackElo "2353"]
[WhiteFideId "13417444"]
[BlackFideId "436224"]
[EventDate "2022.11.10"]

1. d4 e6 2. c4 d5 3. Nf3 Nf6 4. g3 Be7 5. Bg2 O-O 6. O-O dxc4 7. Qc2 Bd7 8. Qxc4
Bc6 9. Bg5 Nbd7 10. Nc3 h6 11. Bxf6 Nxf6 12. Rfd1 a5 13. Rac1 a4 14. a3 Bd6 15.
e3 Qe7 16. Qe2 e5 17. d5 Bd7 18. Nd2 Nh7 19. Nce4 Rfc8 20. Nc4 Ra6 21. Ncxd6
cxd6 22. Rxc8+ Bxc8 23. Rc1 Ra8 24. Qb5 Ng5 25. Qb6 Nxe4 26. Bxe4 Bd7 27. Qxb7
Rd8 28. Bf5 Qe8 29. Bxd7 Rxd7 30. Qa6 Rd8 31. Rc6 Rb8 32. Rxd6 Rxb2 33. Rc6 Kh7
34. Qd3+ g6 35. Qc3 Rb1+ 36. Kg2 Qe7 37. Rc7 Qf6 38. Qc6 Qf5 39. d6 Rb2 40. Qf3
Qxf3+ 41. Kxf3 Kg7 42. Ra7 Rd2 43. Rxa4 Rxd6 44. Rc4 Kf6 45. a4 Rd2 46. a5 Ra2
47. Rc6+ Kf5 48. e4+ Kg5 49. h4+ Kh5 50. a6 Ra3+ 51. Kg2 f5 52. exf5 gxf5 53.
Rf6 f4 54. Kh3 fxg3 55. fxg3 e4 56. a7 1-0

[Event "chess.com SpeedChess Q1Sw"]
[Site "chess.com INT"]
[Date "2022.11.10"]
[Round "10"]
[White "Pranav, V"]
[Black "Li, Ruifeng"]
[Result "1-0"]
[WhiteTitle "IM"]
[BlackTitle "GM"]
[WhiteElo "2548"]
[BlackElo "2541"]
[WhiteFideId "25060783"]
[BlackFideId "2061074"]
[EventDate "2022.11.10"]

1. e4 d6 2. d4 Nf6 3. Nc3 Nc6 4. Nf3 g6 5. d5 Nb8 6. Bg5 Bg7 7. Qd2 c6 8. O-O-O
Qa5 9. Kb1 O-O 10. Bh6 Bg4 11. Bxg7 Kxg7 12. h3 Bxf3 13. gxf3 Nbd7 14. h4 h5 15.
Be2 cxd5 16. exd5 Rac8 17. Rhg1 Nb6 18. Qe3 Rxc3 19. Qxc3 Qxc3 20. bxc3 Nbxd5
21. Kb2 Rc8 22. c4 Nf4 23. Bd3 Nd7 24. Rge1 Ne5 25. Re4 Ne6 26. f4 Ng4 27. Rd2
Rc7 28. f3 Nf6 29. Rxe6 fxe6 30. Rg2 Rc8 31. Bxg6 Kf8 32. Bd3 Ke8 33. Rg7 Kd7
34. f5 Rg8 35. fxe6+ Kxe6 36. Rg5 Rxg5 37. hxg5 Ne8 38. f4 Ng7 39. Kc3 h4 40.
Kd4 h3 41. Ke3 Nf5+ 42. Kf3 h2 43. Kg2 Ne3+ 44. Kxh2 b6 45. Kg3 d5 46. cxd5+
Nxd5 47. Bc4 Kd6 48. Bxd5 Kxd5 49. f5 Ke5 50. Kg4 b5 51. f6 exf6 52. g6 Ke6 53.
Kh5 f5 54. Kh6 f4 55. g7 1-0

[Event "chess.com SpeedChess Q1Sw"]
[Site "chess.com INT"]
[Date "2022.11.10"]
[Round "10"]
[White "Pichot, Alan"]
[Black "Sjugirov, Sanan"]
[Result "1-0"]
[WhiteTitle "GM"]
[BlackTitle "GM"]
[WhiteElo "2637"]
[BlackElo "2712"]
[WhiteFideId "110973"]
[BlackFideId "4189302"]
[EventDate "2022.11.10"]

1. e4 e5 2. Nf3 Nc6 3. Bb5 a6 4. Ba4 Nf6 5. O-O Be7 6. Re1 b5 7. Bb3 d6 8. c3
O-O 9. h3 Bd7 10. d4 a5 11. Nbd2 a4 12. Bc2 Re8 13. Nf1 Bf8 14. Ng3 g6 15. Bd3
Na5 16. b3 c5 17. d5 axb3 18. axb3 Qc7 19. Bg5 Bg7 20. Nd2 h6 21. Be3 c4 22.
bxc4 Nxc4 23. Bxc4 bxc4 24. Qe2 Bb5 25. Reb1 Qd7 26. Ngf1 Rec8 27. Qd1 Qe8 28.
Rb4 Nh5 29. Rxa8 Rxa8 30. Qb1 Ba6 31. Nxc4 Bxc4 32. Rxc4 Nf4 33. Kh2 Rb8 34. Rb4
Rc8 35. c4 Bf8 36. Nd2 Qd8 37. Rb7 Ne2 38. Qb6 Qe8 39. Qb5 Qd8 40. c5 dxc5 41.
Nc4 Nd4 42. Qd7 Qxd7 43. Rxd7 Re8 44. Rc7 f5 45. f3 fxe4 46. fxe4 Nb5 47. Rc6
Nc3 48. Rxg6+ Kf7 49. Rg4 h5 50. Rh4 Kg6 51. Bd2 Ne2 52. g4 hxg4 53. Rxg4+ Kf7
54. Rg5 Bg7 55. Nd6+ 1-0

[Event "chess.com SpeedChess Q1Sw"]
[Site "chess.com INT"]
[Date "2022.11.10"]
[Round "10"]
[White "Boros, Denes"]
[Black "Ter-Sahakyan, Samvel"]
[Result "1-0"]
[WhiteTitle "GM"]
[BlackTitle "GM"]
[WhiteElo "2402"]
[BlackElo "2605"]
[WhiteFideId "722340"]
[BlackFideId "13302531"]
[EventDate "2022.11.10"]

1. e4 c6 2. d3 d5 3. Qe2 dxe4 4. dxe4 e5 5. h3 Nf6 6. Nf3 Bc5 7. Nbd2 O-O 8. g3
Re8 9. Nb3 Bd6 10. Bg5 h6 11. Bd2 b6 12. g4 Nh7 13. Rg1 Ba6 14. c4 Nd7 15. g5
hxg5 16. Nxg5 Nxg5 17. Bxg5 Bb4+ 18. Kd1 f6 19. Bh6 Bf8 20. Kc2 Qe7 21. h4 Rad8
22. Rg3 b5 23. cxb5 Bxb5 24. Qg4 Qe6 25. Bxb5 Qxg4 26. Rxg4 cxb5 27. Rag1 Re7
28. h5 Kh7 29. Be3 Rc8+ 30. Kb1 Nb6 31. Rd1 Nc4 32. Bc1 a5 33. Rgg1 a4 34. Nd2
Nb6 35. Nf1 Nc4 36. Rd3 Rec7 37. Ng3 a3 38. bxa3 Ra8 39. Nf5 Bxa3 40. Bd2 Bc5
41. Bc1 Bxf2 42. Rg2 Bd4 43. Rdg3 Raa7 44. Rg6 Be3 45. Nxe3 Nxe3 46. Bxe3 Ra3
47. Bc1 Rd3 48. h6 Rdd7 49. hxg7 Rxg7 50. Rh6+ Kg8 51. Rc2 Rxc2 52. Kxc2 Rg2+
53. Bd2 Kg7 54. Rh3 Kg6 55. Rb3 Re2 56. Kd3 Rg2 57. Rxb5 Rg3+ 58. Be3 Kh5 59.
Rb6 Rg6 60. a4 Kg4 61. a5 1-0

[Event "chess.com SpeedChess Q1Sw"]
[Site "chess.com INT"]
[Date "2022.11.10"]
[Round "10"]
[White "Deac, Bogdan-Daniel"]
[Black "Alekseenko, Kirill"]
[Result "0-1"]
[WhiteTitle "GM"]
[BlackTitle "GM"]
[WhiteElo "2700"]
[BlackElo "2687"]
[WhiteFideId "1226380"]
[BlackFideId "4135539"]
[EventDate "2022.11.10"]

1. e4 e5 2. Nf3 Nc6 3. Bc4 Nf6 4. d3 Bc5 5. c3 d6 6. O-O h6 7. Re1 O-O 8. Nbd2
Bb6 9. Bb3 Ne7 10. Nc4 Be6 11. Nxb6 Bxb3 12. axb3 axb6 13. Be3 Ng6 14. h3 Rxa1
15. Qxa1 d5 16. Qb1 Qd7 17. b4 Qc6 18. Bc1 dxe4 19. dxe4 Rd8 20. Qc2 b5 21. g3
Qe6 22. Kg2 Ne7 23. Qe2 c6 24. Nh2 Nc8 25. Ng4 Nd6 26. Nxf6+ Qxf6 27. Rd1 Nc4
28. b3 Rxd1 29. Qxd1 Nd6 30. f3 Qe6 31. g4 Kh7 32. Be3 Ne8 33. Qc2 Nf6 34. c4
Qd7 35. Qd2 Qxd2+ 36. Bxd2 Nd7 37. Be3 Kg6 38. Kf2 f6 39. Kg3 h5 40. h4 Nf8 41.
Kf2 Ne6 42. cxb5 cxb5 43. Kg3 Nd8 44. Bd2 Nc6 45. Bc3 Kh6 46. Bd2+ Kg6 47. Bc3
hxg4 48. fxg4 Kf7 49. h5 g6 50. Kh4 Nd8 51. g5 gxh5 52. Kxh5 Ne6 53. gxf6 Kxf6
54. Kg4 Nf4 55. Kf3 Ng6 56. Kg4 Ne7 57. Bd2 Nc6 58. Bc3 Kg6 59. Bb2 Kf6 60. Bc3
Ke6 61. Kf3 Nd4+ 0-1

[Event "chess.com SpeedChess Q1Sw"]
[Site "chess.com INT"]
[Date "2022.11.10"]
[Round "10"]
[White "Harshavardhan, G B"]
[Black "Mitrabha, Guha"]
[Result "0-1"]
[WhiteTitle "IM"]
[BlackTitle "GM"]
[WhiteElo "2426"]
[BlackElo "2474"]
[WhiteFideId "25059009"]
[BlackFideId "5057000"]
[EventDate "2022.11.10"]

1. d4 Nf6 2. Nf3 c5 3. d5 b5 4. c4 bxc4 5. Nc3 d6 6. e4 g6 7. Bxc4 Bg7 8. h3 O-O
9. O-O Ba6 10. Qe2 Bxc4 11. Qxc4 Nbd7 12. Be3 Rb8 13. Rab1 Ne8 14. Rfc1 Rb4 15.
Qd3 Nc7 16. a3 Rb3 17. Qc2 Qb8 18. Nd2 Rb7 19. f4 Rc8 20. Nc4 Re8 21. Na5 Rb6
22. b4 e6 23. Nc4 exd5 24. exd5 Bxc3 25. bxc5 dxc5 26. Nxb6 Nxb6 27. Qxc3 Ncxd5
28. Qxc5 Nxe3 29. Qd4 Nf5 30. Qf2 h5 31. a4 Qd6 32. a5 Nd5 33. Rd1 Qc6 34. Rbc1
Qa8 35. Re1 Rxe1+ 36. Rxe1 Nf6 37. a6 h4 38. Qc5 Nh5 39. Rc1 Kh7 40. Qc6 Qd8 41.
Qc7 Qd4+ 42. Kh1 Nh6 43. Qe5 Qf2 44. Kh2 Qg3+ 45. Kh1 Nxf4 46. Rg1 Nf5 47. Qc7
Nh6 48. Qxa7 Nd3 49. Rf1 Kg7 50. Qd4+ Ne5 51. a7 Nf5 52. Qf2 Qa3 53. Qe2 Ng3+ 0-1

[Event "chess.com SpeedChess Q1Sw"]
[Site "chess.com INT"]
[Date "2022.11.10"]
[Round "10"]
[White "Ambartsumova, Karina"]
[Black "Szente Varga, Fruzsina"]
[Result "1/2-1/2"]
[WhiteTitle "IM"]
[BlackTitle "WFM"]
[WhiteElo "2399"]
[BlackElo "2075"]
[WhiteFideId "4166299"]
[BlackFideId "712264"]
[EventDate "2022.11.10"]

1. c4 Nf6 2. Nf3 g6 3. g3 Bg7 4. Bg2 O-O 5. O-O c6 6. d4 d5 7. b3 Ne4 8. Bb2 Nd7
9. Nbd2 Ndf6 10. Ne5 Bf5 11. f3 Nxd2 12. Qxd2 Nd7 13. Nxd7 Qxd7 14. e4 Bh3 15.
cxd5 cxd5 16. e5 Rac8 17. Rac1 Bxg2 18. Kxg2 h5 19. Rxc8 Rxc8 20. Rc1 Rxc1 21.
Qxc1 Qb5 22. Qc2 Qb4 23. Bc3 Qb5 24. h3 Qc6 25. Qd3 e6 26. g4 hxg4 27. fxg4 Bh6
28. h4 Bf4 29. h5 Kg7 30. Bd2 Bxd2 31. Qxd2 gxh5 32. gxh5 Qa6 33. a4 Kh7 34. Qf2
Kg7 35. Qf6+ Kf8 36. Qf3 Kg7 37. Kg3 Qb6 38. Qg4+ Kf8 39. h6 Qxb3+ 40. Kh4 Qe3
41. Qg7+ Ke7 42. h7 Qf2+ 43. Kh3 Qf1+ 44. Qg2 Qd3+ 45. Qg3 Qxh7+ 46. Kg2 Qc2+
47. Kh3 Qxa4 48. Qh4+ Kd7 49. Qf4 Qb3+ 50. Kg4 Qd1+ 51. Kg5 Qg1+ 52. Kh4 Qg6 53.
Qd2 Qe4+ 54. Kg3 a6 55. Qb4 Qd3+ 56. Kg4 Qg6+ 57. Kf4 Qf5+ 58. Kg3 b5 59. Qc5
Qd3+ 60. Kf4 Qf1+ 61. Kg3 Ke8 62. Qc8+ Ke7 63. Qc5+ Ke8 64. Qc8+ Ke7 65. Qc5+
Ke8 1/2-1/2

[Event "chess.com SpeedChess Q1Sw"]
[Site "chess.com INT"]
[Date "2022.11.10"]
[Round "10"]
[White "Petrosyan, Manuel"]
[Black "Stribuk, Artiom"]
[Result "1-0"]
[WhiteTitle "GM"]
[BlackTitle "FM"]
[WhiteElo "2621"]
[BlackElo "2312"]
[WhiteFideId "13300857"]
[BlackFideId "13515659"]
[EventDate "2022.11.10"]

1. d4 Nf6 2. Bf4 g6 3. e3 Bg7 4. Nf3 O-O 5. Be2 d6 6. h3 Nc6 7. O-O Nd7 8. Bh2
e5 9. Nc3 f5 10. dxe5 Ndxe5 11. Nd4 Bd7 12. Nd5 Kh8 13. c3 Ne7 14. Nf4 Qc8 15.
Qb3 Bf6 16. Rad1 Rb8 17. Rd2 N7c6 18. Qa3 a6 19. Rfd1 Re8 20. Bf1 Bg7 21. c4 b6
22. b4 a5 23. b5 Nd8 24. Nd5 Nb7 25. Qc1 Nc5 26. f3 Qd8 27. Bf4 Rc8 28. Re1 Rf8
29. Rdd1 Qh4 30. Kh2 Qd8 31. Nb3 Ne6 32. Bg3 Qe8 33. e4 fxe4 34. Rxe4 g5 35. Kh1
h6 36. Rde1 Qf7 37. h4 gxh4 38. Rxh4 Qg6 39. Bxe5 dxe5 40. Rxe5 Rce8 41. Reh5
Kg8 42. c5 bxc5 43. Bc4 Rf7 44. Nf4 Nxf4 45. Qxf4 Be6 46. Bxe6 Rxe6 47. Qd2 Ref6
48. Nxc5 Kh7 49. Ne4 Rb6 50. Ng5+ Kg8 51. Nxf7 Qxf7 52. Qd8+ Kh7 53. Qd3+ Kg8
54. Qd5 Rd6 55. Qxf7+ Kxf7 56. Rc4 Rd7 57. Rhc5 Kg8 58. Kh2 Rd2 59. a4 Bf8 60.
Rc6 Bd6+ 61. Kh3 h5 62. b6 Rd1 63. Kh4 Rh1+ 64. Kg5 Be7+ 65. Kg6 cxb6 66. Rc8+
Bf8 67. Rf4 1-0

[Event "chess.com SpeedChess Q1Sw"]
[Site "chess.com INT"]
[Date "2022.11.10"]
[Round "10"]
[White "Chigaev, Maksim"]
[Black "Le, Tuan Minh"]
[Result "1/2-1/2"]
[WhiteTitle "GM"]
[BlackTitle "IM"]
[WhiteElo "2632"]
[BlackElo "2542"]
[WhiteFideId "4108116"]
[BlackFideId "12401153"]
[EventDate "2022.11.10"]

1. Nf3 d5 2. c4 c6 3. g3 Nf6 4. Bg2 Nbd7 5. d4 Nb6 6. c5 Nbd7 7. O-O g6 8. Nc3
Bg7 9. b4 O-O 10. Qc2 a6 11. Rd1 Re8 12. Bf4 Nf8 13. a4 Bg4 14. Ne5 Bf5 15. Qb3
Ne6 16. Be3 h5 17. h3 Qc7 18. Nf3 Be4 19. b5 axb5 20. axb5 Bxf3 21. Bxf3 Nd7 22.
b6 Qb8 23. Rxa8 Qxa8 24. Nxd5 cxd5 25. Bxd5 Ndf8 26. Bg2 Qc8 27. Qb5 Nxd4 28.
Rxd4 Bxd4 29. Bxd4 Rd8 30. e3 Ne6 31. c6 bxc6 32. Bxc6 Nxd4 33. exd4 Rxd4 34. b7
Qb8 35. Kg2 Rd8 36. Bf3 Qc7 37. h4 e6 38. Qg5 Rb8 39. Qb5 Kg7 40. Qb2+ Kh7 41.
Qb5 Qd6 42. Bc6 f5 43. Bf3 Qc7 44. Bc6 Kg7 45. Qb2+ Kf7 46. Qb5 Ke7 47. Qc5+ Qd6
48. Qc3 e5 49. Qc4 Kd8 50. Bd5 e4 51. f3 e3 52. f4 Ke7 53. Bf3 Rd8 54. Kh3 Qe6
55. Qc5+ Qd6 56. Qxe3+ Kf7 57. Qb3+ Kg7 58. Qb2+ Kh7 59. Qb3 Rb8 60. Bg2 Kh6 61.
Qb2 Qc7 62. Qf6 Rxb7 63. Bxb7 Qxb7 64. Qh8+ Qh7 65. Qf8+ Qg7 66. Qxg7+ Kxg7 67.
Kg2 Kf6 68. Kf3 Ke6 69. Ke3 Kd5 70. Kd3 1/2-1/2

[Event "chess.com SpeedChess Q1Sw"]
[Site "chess.com INT"]
[Date "2022.11.10"]
[Round "10"]
[White "Harsh, Suresh"]
[Black "Lopez Martinez, Josep Manuel"]
[Result "1-0"]
[WhiteTitle "FM"]
[BlackTitle "GM"]
[WhiteElo "2280"]
[BlackElo "2493"]
[WhiteFideId "45018464"]
[BlackFideId "2212943"]
[EventDate "2022.11.10"]

1. Nf3 d5 2. c4 d4 3. b4 g5 4. d3 g4 5. Nfd2 e5 6. b5 Nf6 7. g3 h5 8. h4 a6 9.
Bg2 axb5 10. cxb5 Nbd7 11. Nc4 Bc5 12. O-O Qe7 13. a4 Kf8 14. Bg5 Qe6 15. Bxf6
Nxf6 16. Nbd2 Ra7 17. Qb3 b6 18. Rfc1 Bd7 19. a5 bxa5 20. Nxa5 Bb6 21. Qxe6 Bxe6
22. Nc6 Rxa1 23. Rxa1 Nd7 24. Nc4 f6 25. Nxb6 cxb6 26. Ra7 Kf7 27. Be4 Rc8 28.
Kf1 Kf8 29. Ke1 Nc5 30. Bg6 Bd7 31. Bxh5 Bxc6 32. bxc6 Rxc6 33. Bxg4 b5 34. Ra8+
Kg7 35. Rb8 Nb3 36. f4 Rc1+ 37. Kf2 Nd2 38. Rxb5 Rf1+ 39. Kg2 exf4 40. Rf5 Re1
41. Rxf4 Nb3 42. Kf2 Ra1 43. Be6 Nc1 44. Rxd4 f5 45. Bxf5 Ra2 46. Bg4 Kf6 47.
Bf3 Ke5 48. Rd5+ Ke6 49. h5 Nxe2 50. Ke3 Nxg3 51. Rg5 Nf5+ 52. Kf4 Ra4+ 53. Be4
Nd6 54. h6 Nf7 55. Rg6+ Ke7 56. h7 Ra1 57. Rg7 Rf1+ 58. Ke3 Re1+ 59. Kd4 Rh1 60.
Bxh1 Kf6 61. Rxf7+ Kxf7 62. h8=Q 1-0